| 000 | 00440nam a2200145Ia 4500 | ||
|---|---|---|---|
| 041 | _aArabic | ||
| 082 | _a346,07 cut-258 ج | ||
| 100 | _a20260118u\\\\\\\\\\\y0engy0103\\\\ba | ||
| 100 | _aفاروق ابراهیم جاسم | ||
| 245 | 0 | _aکورتەیەک لەکۆمپانیا بازرگانییەکان | |
| 250 | _aط1 | ||
| 260 |
_bچاپخانەیى هێڤى _aسلیمانى - العراق _c2017 |
||
| 300 | _a198 | ||
| 942 | _cBk | ||
| 999 |
_c188249 _d188249 |
||